000 00862caa a22002417a 4500
999 _c417802
_d417802
001 129918
003 UA-OsUOA
005 20200120142702.0
007 ta
008 20180331b un ||||| |||| 00| 0 ukr d
040 _aUA-OsUOA
_bukr
_cUA-OsUOA
_dUA-OsUOA
041 _aukr
080 _a908
090 _a908
_bВ64
100 _aВозна Т.
245 _aПостать М. Смотрицького в наукових дослідженнях за межами України
_cТ. Возна
300 _aС. 401–407
650 7 _a908 Краєзнавство
_2UDC
773 0 _0375187
_9397925
_dОстрог НаУОА 2010
_o140580
_tНаукові записки. Історичні науки
_w(UA-OsUOA) 88928
_z966-7631-62-1
942 _cBKA
_2udc
955 _a1